[Event "XVII Open"]
[Site "Montcada i Reixac ESP"]
[Date "2009.06.28"]
[Round "3"]
[White "Perpinya Rofes,L"]
[Black "Panchanathan,M"]
[Result "0-1"]
[WhiteElo "2385"]
[BlackElo "2462"]

1.e4 e5 2.Nf3 Nc6 3.Bb5 a6 4.Ba4 Nf6 5.O-O Be7 6.Re1 b5 7.Bb3 d6 8.c3 O-O
9.h3 Nb8 10.d4 Nbd7 11.Nbd2 Bb7 12.Bc2 Re8 13.Nf1 Bf8 14.Ng3 g6 15.a4 c5
16.d5 c4 17.Bg5 h6 18.Be3 Qc7 19.Qd2 h5 20.Ra3 Nc5 21.Rea1 Rab8 22.Qe2 Bc8
23.axb5 axb5 24.Bg5 Nh7 25.Bc1 Bd7 26.Ng5 Nxg5 27.Bxg5 Bg7 28.Qd2 Rb7 29.Ra8 Rxa8
30.Rxa8+ Rb8 31.Ra1 Kh7 32.Ne2 Qb6 33.Kh1 Rb7 34.f4 Ra7 35.Rf1 f6 36.Bh4 Ra2
37.Bb1 Ra1 38.fxe5 dxe5 39.Qe3 Qd6 40.Qf3 Na4 41.Kh2 Be8 42.Bc2 Rxf1 43.Qxf1 Nxb2
44.Nc1 Bh6 45.Ne2 Kg7 46.Qf2 Nd3 47.Qa7+ Bd7 48.Bg3 Bg5 49.Nd4 h4 50.Ne6+ Kh6
51.Bf2 Bxe6 52.Bxd3 cxd3 53.Bc5 Bf4+ 54.g3 hxg3+ 55.Kg2 Qd7 56.Qb8 Bxh3+  0-1

[Event "XXXII Open"]
[Site "Barbera ESP"]
[Date "2009.07.07"]
[Round "4"]
[White "Balogh,C"]
[Black "Bacallao,Y"]
[Result "1/2-1/2"]
[WhiteElo "2595"]
[BlackElo "2467"]

1.e4 e5 2.Nf3 Nc6 3.Bb5 a6 4.Ba4 Nf6 5.O-O Be7 6.Re1 b5 7.Bb3 O-O 8.c3 d6
9.h3 Nb8 10.d4 Nbd7 11.Nbd2 Bb7 12.Bc2 Re8 13.Nf1 Bf8 14.Ng3 g6 15.Bg5 h6
16.Bd2 Bg7 17.a4 Qe7 18.Bd3 c6 19.Qc2 Qf8 20.b4 Nb6 21.dxe5 dxe5 22.Be3 Nfd7
23.a5 Na4 24.Bc4 c5 25.Bb3 Bc6 26.c4 Rec8 27.cxb5 axb5 28.Bxa4 bxa4 29.Rxa4 cxb4
30.Raa1  1/2-1/2

[Event "IM"]
[Site "Saint-Lo FRA"]
[Date "2009.07.14"]
[Round "9"]
[White "Lagarde,Max"]
[Black "Jolly,J"]
[Result "1/2-1/2"]
[WhiteElo "2352"]
[BlackElo "2366"]

1.e4 e5 2.Nf3 Nc6 3.Bb5 a6 4.Ba4 Nf6 5.O-O Be7 6.Re1 b5 7.Bb3 O-O 8.h3 d6
9.c3 Nb8 10.d4 Nbd7 11.Nbd2 Bb7 12.Bc2 Re8 13.Nf1 Bf8 14.Ng3 g6 15.a4 Bg7
16.Bd3 c6 17.b3 Qc7 18.Bb2 Nf8 19.dxe5 dxe5 20.c4 b4 21.Qd2 a5 22.Rad1 N6d7
23.Bc2 Rad8 24.Qd6 Qb6 25.Qd2 Ne6 26.Nf1 f6 27.g3 Bf8 28.h4 Bc5 29.h5 Ndf8
30.Qe2 Bc8 31.N1h2 Ng7 32.hxg6 hxg6 33.Kg2 Nfe6 34.Nh4 Bd4 35.Bc1 Nf8 36.Rh1 Kf7
37.Ng4 Rd6 38.Nh6+ Ke7 39.Qf3 c5 40.Ng8+ Kf7 41.Nh6+ Ke7 42.g4 Nge6 43.Ng8+ Kf7
44.Nh6+ Ke7 45.Ng8+ Kf7 46.Nh6+ Ke7  1/2-1/2

[Event "Synthesia Rapid Open"]
[Site "Pardubice CZE"]
[Date "2009.07.22"]
[Round "2"]
[White "Maximov,D"]
[Black "Gergel,V"]
[Result "*"]
[WhiteElo "2485"]
[BlackElo "2316"]

1.e4 e5 2.Nf3 Nc6 3.Bb5 a6 4.Ba4 Nf6 5.O-O Be7 6.Re1 b5 7.Bb3 d6 8.c3 O-O
9.h3 Nb8 10.d4 Nbd7 11.Nbd2 Bb7 12.Bc2 Re8 13.Nf1 Bf8 14.Ng3 g6 15.b3 Bg7
16.Bb2 c5 17.Qd2 Qc7 18.Rad1 Rad8 19.dxe5 Nxe5 20.Nxe5 dxe5 21.Qe3 h5 22.Bc1 b4
23.Qf3 Qa5 24.Rxd8 Rxd8 25.Bg5 Rd6 26.cxb4 cxb4 27.Rd1 Rxd1+ 28.Qxd1 Qc7
29.Bd3 Qd6 30.Qe2 Nd7 31.f3 Nf8 32.Bc4 Ne6 33.Qd2 Nd4 34.Ne2 a5 35.Be3 Bf6
36.Kh1 Qd8 37.Qd3 Kg7 38.Bf2 Nxe2 39.Qxe2 Bc6 40.Bc5 Bg5 41.Bd3 Bf4 42.Bg1 Qh4
43.Qc2 Bd7 44.Bf1 Qe1 45.Qe2 Qa1 46.Bb6 a4 47.Bc5 axb3 48.axb3 Qc3 49.Qc4 Be6
50.Qxb4 Qc1 51.Qb5 Bxb3 52.Bd6 Kh7 53.Bc5 Be6 54.Bg1 g5 55.Qe2 Kg6 56.Bf2 g4
57.fxg4 hxg4 58.hxg4 Qc8 59.g3 Bxg4 60.Qd3 Bg5 61.Bg2 Qc1+ 62.Kh2  *

[Event "Najdorf Mem Open"]
[Site "Warsaw POL"]
[Date "2009.07.25"]
[Round "8"]
[White "Radulski,J"]
[Black "Staniszewski,Pi"]
[Result "1-0"]
[WhiteElo "2539"]
[BlackElo "2383"]

1.e4 e5 2.Nf3 Nc6 3.Bb5 a6 4.Ba4 Nf6 5.O-O Be7 6.Re1 b5 7.Bb3 d6 8.c3 O-O
9.h3 Nb8 10.d4 Nbd7 11.Nbd2 Bb7 12.Re2 Ra7 13.Qe1 Qa8 14.Bc2 c5 15.d5 c4
16.Nf1 Bd8 17.Ng3 g6 18.Bh6 Re8 19.Qd2 Nc5 20.Rf1 a5 21.Nh2 b4 22.f4 b3 23.Bb1 exf4
24.Qxf4 bxa2 25.Ng4 axb1=Q 26.Nxf6+ Kh8 27.Bg7+ Kxg7 28.Nxe8+ Kh8 29.Qh6 Ne6
30.dxe6 Bb6+ 31.Kh2 Qxe8 32.exf7 Qxf7 33.Rxb1 Ra8 34.Rf1 Qg7 35.Qxg7+ Kxg7
36.e5 dxe5 37.Rxe5 Bd8 38.Rd1 Bc6 39.Rc5 Ba4 40.Rd2 Bb3 41.Rd7+ Kh6 42.Ne4 Bb6
43.g4  1-0

[Event "2nd Open"]
[Site "Paleohora GRE"]
[Date "2009.07.26"]
[Round "7"]
[White "Grover,S"]
[Black "Svetushkin,D"]
[Result "0-1"]
[WhiteElo "2310"]
[BlackElo "2607"]

1.e4 e5 2.Nf3 Nc6 3.Bb5 a6 4.Ba4 Nf6 5.O-O Be7 6.Re1 b5 7.Bb3 d6 8.c3 O-O
9.h3 Nb8 10.d4 Nbd7 11.Nbd2 Bb7 12.Bc2 Re8 13.Nf1 Bf8 14.Ng3 c6 15.b3 Qc7
16.Be3 Rad8 17.Qe2 g6 18.a4 Bg7 19.Rad1 Nf8 20.Nh2 Ne6 21.Qf3 exd4 22.cxd4 c5
23.d5 Nd4 24.Bxd4 cxd4 25.Qd3 Rc8 26.Bb1 bxa4 27.bxa4 Nd7 28.Qa3 a5 29.Bd3 Qc5
30.Qa2 Qa7 31.Nf3 Ne5 32.Nxe5 Bxe5 33.Ne2 Re7 34.Rc1 Rxc1 35.Rxc1 Ba6 36.Qd2 Bxd3
37.Qxd3 Rb7 38.Rc8+ Kg7 39.f4 Bf6 40.Kh2 Rb4 41.Ng3 Qb7 42.Nh5+ gxh5 43.Qg3+ Kh6
44.e5 Rb3 45.Qg8 Bh4 46.Qf8+ Kg6 47.Qg8+ Kf5 48.Qxh7+ Kxf4 49.Rc1 Bg3+ 50.Kh1 Kxe5
51.Qxh5+ f5 52.Qe8+ Kxd5 53.Qg8+ Ke4 54.Qe6+ Be5 55.Qc4 Kf4 56.Rf1+ Kg5 57.Qg8+ Kh6
58.Qe6+ Kg7 59.Qxf5 Qe7 60.Qg4+ Kh6 61.Qe4 Re3 62.Qg4 Rg3 63.Qe4 Rg6 64.Qd5 Qg5  0-1

[Event "Czech Open A"]
[Site "Pardubice CZE"]
[Date "2009.07.27"]
[Round "4"]
[White "Jansa,Vl"]
[Black "Kovar,V"]
[Result "1/2-1/2"]
[WhiteElo "2470"]
[BlackElo "2328"]

1.e4 e5 2.Nf3 Nc6 3.Bb5 a6 4.Ba4 Nf6 5.O-O Be7 6.Re1 b5 7.Bb3 d6 8.c3 O-O
9.h3 Nb8 10.d4 Nbd7 11.c4 c6 12.Nbd2 Bb7 13.a4 h6 14.Qe2 Rb8 15.Nf1 exd4
16.Nxd4 Nc5 17.Bc2 bxc4 18.Ng3 Re8 19.Bf4 Bf8 20.Rad1 Ba8 21.Qxc4 Rxb2 22.Ndf5 d5
23.Qc3 Qb6 24.Rb1 Nxa4 25.Nxh6+ Kh8 26.Nxf7+ Kg8 27.Nh6+ Kh8 28.Nhf5 Qc5  1/2-1/2

[Event "ch-AUT"]
[Site "Jenbach AUT"]
[Date "2009.08.02"]
[Round "9"]
[White "Neumeier,K"]
[Black "Knoll,H"]
[Result "1/2-1/2"]
[WhiteElo "2344"]
[BlackElo "2393"]

1.e4 e5 2.Nf3 Nc6 3.Bb5 a6 4.Ba4 Nf6 5.O-O Be7 6.Re1 b5 7.Bb3 d6 8.c3 O-O
9.h3 Nb8 10.d4 Nbd7 11.Nbd2 Bb7 12.Bc2 Re8 13.Nf1 Bf8 14.Ng3 g6 15.a4 Bg7
16.Bd3 c6 17.Bg5 h6 18.Be3 Qc7 19.Qd2 Kh7 20.b4 Rad8 21.Qa2 d5 22.dxe5 Nxe4
23.Bxe4 dxe4 24.Nxe4 Nxe5 25.Nxe5 Bxe5 26.Bd4 Bxd4 27.cxd4 Qf4 28.Re3 c5
29.Nxc5 Bd5 30.Rxe8 Bxa2 31.Rxd8 Qd2 32.axb5 axb5 33.Ne4 Qxb4 34.Nf6+ Kg7
35.Ne8+ Kh7 36.Ra8 Bc4 37.Nf6+ Kg7 38.Ne8+ Kh7 39.d5 h5 40.d6 Be6 41.d7 Bxd7
42.Nf6+ Kg7 43.Nxd7 Qd6 44.R8a7 b4 45.Rb1 Qd3 46.Rba1 Qd4 47.R1a5 b3 48.Rb7 Qd2
49.Re5 b2 50.Reb5 Qc1+ 51.Kh2 Qf4+  1/2-1/2

[Event "XXXV Open"]
[Site "Badalona ESP"]
[Date "2009.08.06"]
[Round "6"]
[White "Kulkarni,C"]
[Black "Sundararajan,K"]
[Result "0-1"]
[WhiteElo "2259"]
[BlackElo "2506"]

1.e4 e5 2.Nf3 Nc6 3.Bb5 a6 4.Ba4 Nf6 5.O-O Be7 6.Re1 b5 7.Bb3 d6 8.c3 O-O
9.h3 Nb8 10.d4 Nbd7 11.Nbd2 Bb7 12.Bc2 Re8 13.Nf1 Bf8 14.Ng3 g6 15.a4 c6
16.Be3 Qc7 17.Qc1 Nb6 18.Bh6 Qe7 19.Bg5 Bg7 20.Nh4 Qf8 21.axb5 cxb5 22.dxe5 dxe5
23.Qe3 Nc4 24.Qf3 Re6 25.b3 Nd6 26.Rad1 Rc8 27.Bc1 b4 28.c4 Nb5 29.Bb2 Nd4
30.Bxd4 exd4 31.Rxd4 Rce8 32.Qd1 Bh6 33.Nf3 Bf4 34.e5 Bxg3 35.fxg3 Qc5 36.Kh2 Bxf3
37.gxf3 Rxe5 38.Rxe5 Qxe5 39.Rd8 Rxd8 40.Qxd8+ Kg7 41.Qd2 a5 42.Bd1 Ne8 43.f4 Qd6
44.Qe1 Nc7 45.Bf3 Qd4 46.Qe2 Ne6 47.Qa2 Qc3 48.Bd5 Nd4 49.Bg2 Nxb3 50.h4 Qxc4
51.h5 Qc3 52.Qa4 Nd4 53.Qxa5 Nf5 54.hxg6 hxg6  0-1

[Event "Yoel Geva YTGM"]
[Site "Tel Aviv ISR"]
[Date "2009.08.11"]
[Round "3"]
[White "Baron,Ta"]
[Black "Bykhovsky,Av"]
[Result "1/2-1/2"]
[WhiteElo "2410"]
[BlackElo "2396"]

1.e4 e5 2.Nf3 Nc6 3.Bb5 a6 4.Ba4 Nf6 5.O-O Be7 6.Re1 b5 7.Bb3 d6 8.c3 O-O
9.h3 Nb8 10.d4 Nbd7 11.Nbd2 Bb7 12.Bc2 Re8 13.Nf1 Bf8 14.Ng3 g6 15.a4 c5
16.d5 c4 17.Bg5 Qc7 18.Qd2 Reb8 19.Nh2 Bc8 20.Rf1 Ne8 21.Ng4 Nc5 22.axb5 Bxg4
23.hxg4 axb5 24.Rab1 Ra2 25.Ne2 Bg7 26.Nc1 Ra7 27.f3 Nf6 28.Bd1 Nfd7 29.Be2 Bf6
30.Be3 Rab7 31.Na2 Nb3 32.Qe1 Ra8 33.Nb4 Ndc5 34.g5 Bd8 35.Nc6 Qd7 36.Nxd8 Qxd8
37.Qh4 Qe7 38.Kf2 Rf8 39.Rh1 f6 40.gxf6 Qxf6 41.Qg4 Qd8 42.Rh6 Qd7 43.Qh4 Qe7
44.Qg4 Qd7 45.Qh4 Qe7 46.Qg4  1/2-1/2

[Event "A2Bmedialtd.com Int Gp A"]
[Site "Uxbridge ENG"]
[Date "2009.08.12"]
[Round "1"]
[White "Adair,J"]
[Black "Panchanathan,M"]
[Result "0-1"]
[WhiteElo "2124"]
[BlackElo "2493"]

1.e4 e5 2.Nf3 Nc6 3.Bb5 a6 4.Ba4 Nf6 5.O-O Be7 6.Re1 b5 7.Bb3 d6 8.c3 O-O
9.h3 Nb8 10.a4 Bb7 11.axb5 axb5 12.Rxa8 Bxa8 13.d3 c5 14.Na3 Bc6 15.Bg5 Ne8
16.Bd2 Nc7 17.Nc2 Nd7 18.Ne3 g6 19.Ng4 h5 20.Nh6+ Kg7 21.g4 hxg4 22.hxg4 Ne6
23.Kg2 Ng5 24.Qc1 Nxf3 25.Kxf3 c4 26.Nf5+ gxf5 27.Bh6+ Kh7 28.gxf5 Rg8 29.Rh1 Bh4
30.Rh3 Qf6 31.Qh1 Qxf5+ 32.Ke2 Qxf2+ 33.Kd1 Rg1+  0-1

[Event "ch-BLR Girls"]
[Site "Minsk BLR"]
[Date "2009.08.14"]
[Round "5"]
[White "Ziaziulkina,N"]
[Black "Homiakova,El"]
[Result "1/2-1/2"]
[WhiteElo "2101"]
[BlackElo "2123"]

1.e4 e5 2.Nf3 Nc6 3.Bb5 a6 4.Ba4 Nf6 5.O-O Be7 6.Re1 b5 7.Bb3 d6 8.c3 O-O
9.h3 Nb8 10.d4 Nbd7 11.Nbd2 Bb7 12.Bc2 Re8 13.b3 Bf8 14.d5 Rc8 15.c4 c6 16.Bb2 Qc7
17.Rc1 Qb8 18.Ba3 Qa7 19.Bb1 bxc4 20.bxc4 cxd5 21.cxd5 Rxc1 22.Qxc1 Rc8 23.Qb2 Nc5
24.Bc2 Be7 25.Rb1 Nfd7 26.Nc4 f5 27.Bxc5 Nxc5 28.Qb6 Qxb6 29.Nxb6 Re8 30.exf5 Bd8
31.a3 Bxb6 32.Rxb6 Rd8 33.Bb3 Rd7 34.Bc4 h6 35.Nd2 Kf8 36.f3 Ke7 37.Ne4 Bc8
38.Nxc5 Rc7 39.Bxa6 Rxc5 40.Bxc8 Rxc8 41.Rb7+ Kf6 42.Rd7 Ra8 43.Rxd6+ Kxf5
44.Rd7 Kf6 45.Kf2 Rxa3 46.g4 Rd3 47.Kg3 e4 48.Rd6+  1/2-1/2

[Event "RUS-CHN Match w Standard"]
[Site "Sochi RUS"]
[Date "2009.08.16"]
[Round "2"]
[White "Kosintseva,N"]
[Black "Zhao Xue"]
[Result "1-0"]
[WhiteElo "2482"]
[BlackElo "2544"]

1.e4 e5 2.Nf3 Nc6 3.Bb5 a6 4.Ba4 Nf6 5.O-O Be7 6.Re1 b5 7.Bb3 d6 8.c3 O-O
9.h3 Nb8 10.d4 Nbd7 11.Nbd2 Bb7 12.Bc2 Re8 13.a4 Bf8 14.Bd3 c6 15.b3 g6 16.Bf1 Nh5
17.Qc2 Nf4 18.Bb2 Bg7 19.Rad1 Qc7 20.Qb1 Ne6 21.Qa1 Nb6 22.Rc1 Nd7 23.Rc2 d5
24.exd5 cxd5 25.dxe5 Nxe5 26.Nxe5 Bxe5 27.Nf3 Bg7 28.axb5 axb5 29.Qd1 Qb6
30.Rce2 Bc6 31.Ne5 Rad8 32.Qd2 h5 33.Nxg6 d4 34.Ne5 dxc3 35.Qxc3 Nd4 36.Re3 Qc7
37.Qc5 Rd5 38.Nxc6 Rxe3 39.Qxd5 Rxe1 40.Bxd4 Bxd4 41.Nxd4  1-0

[Event "9th UIL&UL GM"]
[Site "Dahka BAN"]
[Date "2009.08.29"]
[Round "10"]
[White "Rahman,SM"]
[Black "Shrestha,K"]
[Result "1-0"]
[WhiteElo "2256"]
[BlackElo "2134"]

1.e4 e5 2.Nf3 Nc6 3.Bb5 a6 4.Ba4 Nf6 5.O-O Be7 6.Re1 b5 7.Bb3 d6 8.c3 O-O
9.h3 Nb8 10.d4 Nbd7 11.Nbd2 Bb7 12.a4 c5 13.Bc2 Qc7 14.Nf1 Rfe8 15.Ng3 Bf8
16.Bg5 h6 17.Bd2 g6 18.h4 h5 19.Bg5 Bg7 20.d5 c4 21.Nh2 Nc5 22.Qd2 Kh7 23.f4 exf4
24.Qxf4 Ng8 25.Qf2 Be5 26.Nf3 f6 27.Nxe5 dxe5 28.Be3 Nxa4 29.Bxa4 bxa4 30.Rxa4 Rac8
31.Rb4 Qd7 32.Qe2 a5 33.Rb6 Rc7 34.Ra1 Ra8 35.Re6 Qf7 36.Bb6 Bc8 37.Bxc7 Bxe6
38.Qxc4 Bd7 39.Rf1 Rc8 40.Qc5 Nh6 41.Qxa5 Ng4 42.Bb6  1-0

[Event "6th LGA Premium Cup"]
[Site "Nuernberg GER"]
[Date "2009.09.04"]
[Round "3"]
[White "Wagner,Fl"]
[Black "Baramidze,D"]
[Result "1/2-1/2"]
[WhiteElo "2323"]
[BlackElo "2527"]

1.e4 e5 2.Nf3 Nc6 3.Bb5 a6 4.Ba4 Nf6 5.O-O Be7 6.Re1 b5 7.Bb3 d6 8.c3 O-O
9.h3 Nb8 10.d4 Nbd7 11.Nbd2 Bb7 12.Bc2 Re8 13.Nf1 Bf8 14.Ng3 g6 15.a4 d5
16.Nxe5 Nxe5 17.dxe5 Nxe4 18.Nxe4 dxe4 19.Bf4 f5 20.exf6 Qxf6 21.Be3 c5 22.axb5 axb5
23.Rxa8 Bxa8 24.Re2 Rd8 25.Rd2 Rxd2 26.Qxd2 Bc6 27.Bb3+ c4 28.Bc2 Bd6 29.Qd4 Qxd4
30.Bxd4 Bf4 31.b4  1/2-1/2

[Event "FSIMA September"]
[Site "Budapest HUN"]
[Date "2009.09.06"]
[Round "2"]
[White "Farago,S"]
[Black "Lengyel,B"]
[Result "1/2-1/2"]
[WhiteElo "2236"]
[BlackElo "2251"]

1.e4 e5 2.Nf3 Nc6 3.Bb5 a6 4.Ba4 Nf6 5.O-O Be7 6.Re1 b5 7.Bb3 d6 8.c3 O-O
9.h3 Nb8 10.d4 Nbd7 11.Nbd2 Bb7 12.Bc2 Re8 13.Nf1 Bf8 14.Ng3 g6 15.a4 c5
16.d5 c4 17.Be3 Qc7 18.Qd2 Nc5  1/2-1/2

[Event "TCh-SRB 1st League"]
[Site "Kragujevac SRB"]
[Date "2009.09.06"]
[Round "6"]
[White "Maric,Dr"]
[Black "Abramovic,B"]
[Result "0-1"]
[WhiteElo "2267"]
[BlackElo "2471"]

1.e4 e5 2.Nf3 Nc6 3.Bb5 a6 4.Ba4 Nf6 5.O-O Be7 6.Re1 b5 7.Bb3 d6 8.c3 O-O
9.h3 Nb8 10.d4 Nbd7 11.Nbd2 Bb7 12.Bc2 Re8 13.Nf1 Bf8 14.Ng3 g6 15.Nh2 Bg7
16.d5 Qb8 17.Be3 c6 18.dxc6 Bxc6 19.Ng4 Nxg4 20.hxg4 Nc5 21.f3 Qc7 22.Qd2 Rad8
23.Bh6 Bh8 24.b4 Ne6 25.Bb3 Qe7 26.Rad1 Bf6 27.Bd5 Bxd5 28.exd5 Bg5 29.Bxg5 Nxg5
30.Qe3 Qf6 31.Qb6 Ra8 32.Ne4 Nxe4 33.Rxe4 Reb8 34.Qa5 Qe7 35.f4 f5 36.gxf5 gxf5
37.Re2 e4 38.Re3 Qa7 39.Rd4 Rc8 40.Qa3 Rc4 41.Qb2 Rac8 42.Kh2 Rxd4 43.cxd4 Kh8
44.Rc3 Rg8 45.Qf2 Qe7 46.Rh3 Rg4 47.Qc2 Rg8 48.Qf2 Qf7 49.Qh4 Qg6 50.Qf2 Qg4
51.Re3 Rc8 52.Qg3 Qxg3+ 53.Rxg3 Rc4 54.Rg5 Rxd4 55.Rxf5 e3 56.Rf8+ Kg7 57.Re8 Rxf4
58.Rxe3 Rxb4  0-1

[Event "6th LGA Premium Cup"]
[Site "Nuernberg GER"]
[Date "2009.09.06"]
[Round "7"]
[White "Mihok,O"]
[Black "Baramidze,D"]
[Result "1/2-1/2"]
[WhiteElo "2357"]
[BlackElo "2527"]

1.e4 e5 2.Nf3 Nc6 3.Bb5 a6 4.Ba4 Nf6 5.O-O Be7 6.Re1 b5 7.Bb3 d6 8.c3 O-O
9.h3 Nb8 10.d4 Nbd7 11.Nbd2 Bb7 12.Bc2 Re8 13.Nf1 Bf8 14.Ng3 g6 15.b3 Bg7
16.d5 Qb8 17.c4 c6 18.Be3 Rc8 19.Rb1 Qc7 20.Bd3 Nc5 21.Bxc5 dxc5 22.Qe2 b4
23.Ra1 Ne8 24.a4 Nd6 25.Rad1 Rf8 26.h4 Rae8 27.h5 f5 28.hxg6 hxg6 29.Ng5 f4
30.Nf1 Bc8 31.Nh2 Bf6 32.Ne6 Bxe6 33.dxe6 Rxe6 34.Qc2 Qh7 35.Be2 Rd8 36.Bg4 Ree8
37.Rd2 Nb7 38.Red1 Rxd2 39.Rxd2 Rd8 40.Rxd8+ Nxd8 41.Qd3  1/2-1/2

[Event "2nd WTeam w"]
[Site "Ningbo CHN"]
[Date "2009.09.08"]
[Round "6"]
[White "Dworakowska,J"]
[Black "Galojan,L"]
[Result "0-1"]
[WhiteElo "2345"]
[BlackElo "2326"]

1.e4 e5 2.Nf3 Nc6 3.Bb5 a6 4.Ba4 Nf6 5.O-O Be7 6.Re1 b5 7.Bb3 O-O 8.c3 d6
9.h3 Nb8 10.d4 Nbd7 11.Nbd2 Bb7 12.Bc2 Re8 13.Nf1 Bf8 14.Ng3 g6 15.a4 c5
16.d5 c4 17.Bg5 h6 18.Be3 Nc5 19.Qd2 h5 20.Ra3 Nfd7 21.Rea1 Bg7 22.Ng5 Qe7
23.Nf3 Nb6 24.a5 Nbd7 25.Qe2 Nf6 26.Nd2 Rac8 27.f3 h4 28.Nh1 Nh5 29.b4 Nd7
30.Rd1 Nf4 31.Bxf4 exf4 32.Nb1 Nf6 33.Qd2 Nh5 34.Nf2 Rc7 35.Ra2 Bc8 36.Re1 Qg5
37.Bd1 Rce7 38.Na3 Qe5 39.Rc2 Ng3 40.Rc1 f5 41.Be2 fxe4 42.fxe4 Nxe4 43.Nxe4 Qxe4
44.Nc2 Bb7 45.Bf3 Qd3 46.Qxf4 Rxe1+ 47.Rxe1 Rxe1+ 48.Nxe1 Qxc3 49.Kf1 Qf6
50.Qe4 Kh7 51.Nc2 Bc8 52.Ne3 Qd4 53.Qe7 Qf6 54.Qe4 c3 55.Ke2 Bf5 56.Nxf5 gxf5
57.Qd3 Qe5+ 58.Kd1 Qf4 59.Kc2 Kg6 60.Qe2 Be5 61.Kb3 Qd4 62.Qc2 Qc4+ 63.Ka3 Kg5
64.Bd1 Bf4 65.Qf2 Bc1+  0-1

[Event "2nd WTeam w"]
[Site "Ningbo CHN"]
[Date "2009.09.11"]
[Round "9"]
[White "Zhang Xiaowen"]
[Black "Kosintseva,N"]
[Result "0-1"]
[WhiteElo "2391"]
[BlackElo "2493"]

1.e4 e5 2.Nf3 Nc6 3.Bb5 a6 4.Ba4 Nf6 5.O-O Be7 6.Re1 b5 7.Bb3 d6 8.c3 O-O
9.h3 Nb8 10.d4 Nbd7 11.Nbd2 Bb7 12.a4 c5 13.d5 c4 14.Bc2 Nc5 15.Nf1 Qc7 16.Ng3 Rfb8
17.Nf5 Bf8 18.Bg5 Ne8 19.Nh2 Bc8 20.Ne3 Bd7 21.axb5 axb5 22.Qe2 Ra7 23.Rad1 b4
24.Nhf1 bxc3 25.bxc3 Na4 26.Bxa4 Rxa4 27.Ra1 Rba8 28.Rxa4 Rxa4 29.Rb1 f6
30.Bh4 Qc5 31.Nd2 Nc7 32.Rb7 Bc8 33.Rb4 Rxb4 34.cxb4 Qxb4 35.Qxc4 Qb8 36.Qc6 Ba6
37.Nf5 Bb5 38.Qc3 Bd7 39.Ne3 Nb5 40.Qa5 Nd4 41.Nec4 Bb5 42.Qb4 Qa7 43.Qa5 Qc5
44.Qb6 Qc8 45.Nxd6 Bxd6 46.Qxd6 Qc1+ 47.Kh2 Qxd2 48.Qb8+ Kf7 49.d6 Qd1 50.f4 Qd2
51.Qb7+ Kg6 52.f5+ Kh6 53.Kh1 Bf1  0-1

[Event "10th Veselin Boskovic Mem"]
[Site "Beograd SRB"]
[Date "2009.10.02"]
[Round "5.1"]
[White "Pikula,D"]
[Black "Abramovic,B"]
[Result "1-0"]
[WhiteElo "2562"]
[BlackElo "2471"]

1.e4 e5 2.Nf3 Nc6 3.Bb5 a6 4.Ba4 Nf6 5.O-O Be7 6.Re1 b5 7.Bb3 d6 8.c3 O-O
9.h3 Nb8 10.d4 Nbd7 11.Nbd2 Bb7 12.Bc2 Re8 13.Nf1 Bf8 14.Ng3 g6 15.a4 c5
16.d5 c4 17.Nh2 Nc5 18.Bg5 h6 19.Be3 Bg7 20.Qd2 h5 21.Bg5 Qc7 22.Rf1 Nh7
23.Be3 Rab8 24.axb5 axb5 25.Kh1 Ra8 26.Rxa8 Rxa8 27.f4 h4 28.Ne2 Nf6 29.Bxc5 Qxc5
30.fxe5 dxe5 31.Qg5 Qd6 32.Bb1 b4 33.Qxh4 Bc8 34.Qf2 Bd7 35.Nf3 b3 36.Nd2 Bb5
37.Ng1 Ra1 38.Ngf3 Nh5 39.g3 Bh6 40.Kg2 Qf6 41.Qc5 Bxd2 42.Qxb5 Bf4 43.gxf4 Nxf4+
44.Kh2  1-0

[Event "17th TCh-Eur"]
[Site "Novi Sad SRB"]
[Date "2009.10.22"]
[Round "1"]
[White "Dineley,R"]
[Black "L'Ami,E"]
[Result "0-1"]
[WhiteElo "2270"]
[BlackElo "2606"]

1.e4 e5 2.Nf3 Nc6 3.Bb5 a6 4.Ba4 Nf6 5.O-O Be7 6.Re1 b5 7.Bb3 d6 8.c3 O-O
9.h3 Nb8 10.d4 Nbd7 11.Nbd2 Bb7 12.Bc2 Re8 13.Nf1 Bf8 14.Ng3 g6 15.Bg5 h6
16.Bd2 Bg7 17.b3 c6 18.Bd3 Qc7 19.Qc2 Rac8 20.Rad1 Nb6 21.Qb1 Nfd7 22.Be3 c5
23.d5 c4 24.bxc4 Nxc4 25.Bxc4 Qxc4 26.Rc1 Qa4 27.c4 Nc5 28.Nd2 Rc7 29.Nb3 Bf8
30.Nxc5 dxc5 31.Ne2 b4 32.Rcd1 a5 33.Ng3 Ba6 34.Rc1 Rb7 35.Qb2 Kh7 36.Nf1 Qd7
37.Nd2 a4 38.Qc2 Bd6 39.Rf1 Reb8 40.Rb1 Qe8 41.Rb2 f6 42.Rfb1 Rg7 43.Nf3 Bc8
44.Ne1 Bd7 45.Nd3 Rc8 46.f3 a3 47.Rb3 Ba4 48.Qf2 Qe7 49.Nc1 Bxb3 50.Nxb3 f5
51.Qd2 Qh4 52.Qf2 Qe7 53.Qd2 f4 54.Bf2 g5 55.Kf1 h5 56.Ke2 g4 57.hxg4 hxg4
58.Rh1+ Kg8 59.Qd1 g3 60.Bg1 Rh7 61.Rxh7 Kxh7 62.Nc1 Qb7 63.Nb3 Kg6 64.Kf1 Rh8
65.Qc2 Rh1 66.Qd1 Qh7 67.Nc1 Rxg1+ 68.Kxg1 Qh2+ 69.Kf1 Qh1+ 70.Ke2 Qxg2+
71.Kd3 Kg5  0-1

[Event "17th TCh-Eur"]
[Site "Novi Sad SRB"]
[Date "2009.10.22"]
[Round "1"]
[White "Djukic,Ni"]
[Black "Mikhalevski,V"]
[Result "1-0"]
[WhiteElo "2503"]
[BlackElo "2625"]

1.e4 e5 2.Nf3 Nc6 3.Bb5 a6 4.Ba4 Nf6 5.O-O Be7 6.Re1 b5 7.Bb3 d6 8.c3 O-O
9.h3 Nb8 10.d4 Nbd7 11.Nbd2 Bb7 12.Bc2 Re8 13.a4 Bf8 14.Bd3 c6 15.b3 g6 16.Bb2 Nh5
17.Qc2 Rc8 18.Bf1 exd4 19.cxd4 d5 20.e5 Nf4 21.Nh2 Ne6 22.axb5 axb5 23.Ndf3 Qb6
24.Qd3 b4 25.Ng4 Bg7 26.h4 Ra8 27.g3 h5 28.Ne3 Ndf8 29.g4 Nf4 30.Qd2 N8e6
31.Ng5 Ra3 32.Bxa3 bxa3 33.Nc2 hxg4 34.Rxa3 Qd8 35.Nxe6 Nxe6 36.Ra7 Bc8 37.Qe3 Qxh4
38.Qg3 Qh5 39.Ra8 Ng5 40.Be2 Nf3+ 41.Bxf3 gxf3 42.Nb4 Bh6 43.e6 Kh7 44.Re5 f5
45.Nxc6 Bg5 46.Re1 Bh4 47.Qf4 Bg5 48.Qc7+ Kh6 49.Ne5 Bf6 50.Qc1+ g5 51.Rxc8 Qh3
52.Nxf3 Rxc8 53.Qxc8 Qxf3 54.Re3 Qd1+ 55.Kg2 g4 56.e7 f4 57.Rh3+ gxh3+ 58.Qxh3+  1-0

[Event "17th TCh-Eur"]
[Site "Novi Sad SRB"]
[Date "2009.10.23"]
[Round "2"]
[White "Berend,F"]
[Black "Nyback,T"]
[Result "0-1"]
[WhiteElo "2371"]
[BlackElo "2615"]

1.e4 e5 2.Nf3 Nc6 3.Bb5 a6 4.Ba4 Nf6 5.O-O Be7 6.Re1 b5 7.Bb3 d6 8.c3 O-O
9.h3 Nb8 10.d4 Nbd7 11.Nbd2 Bb7 12.Bc2 Re8 13.Nf1 Bf8 14.Ng3 g6 15.a4 c5
16.d5 c4 17.Bg5 h6 18.Be3 Nc5 19.Qd2 h5 20.Bg5 Be7 21.Ra3 Nfd7 22.Bxe7 Qxe7
23.Qh6 Qf8 24.Qg5 Qg7 25.Rea1 Rab8 26.axb5 axb5 27.Ra7 Nf6 28.Qe3 Bc8 29.Ng5 Bd7
30.f4 Nh7 31.Nf3 Qh6 32.Ne2 exf4 33.Qd4 Ng5 34.Nxg5 Qxg5 35.Rf1 Bxh3 36.Nxf4 Bd7
37.Rc7 Rbc8 38.Ra7 Qe5 39.Qf2 Rf8 40.Ne2 f5 41.Nf4 fxe4 42.Qg3 Rf6 43.Bd1 h4
44.Qxh4 g5 45.Qh5 gxf4 46.Rxd7 Qxh5 47.Bxh5 Nxd7  0-1

[Event "3rd Asian Indoor Team Rapid Prelim"]
[Site "Ha Long City VIE"]
[Date "2009.11.05"]
[Round "2"]
[White "Paridar,S"]
[Black "Zhao Xue"]
[Result "0-1"]
[WhiteElo "2242"]
[BlackElo "2506"]

1.e4 e5 2.Nf3 Nc6 3.Bb5 a6 4.Ba4 Nf6 5.O-O Be7 6.Re1 b5 7.Bb3 d6 8.c3 O-O
9.h3 Nb8 10.d4 Nbd7 11.Nbd2 Bb7 12.Bc2 c5 13.d5 c4 14.Qe2 Qc7 15.Nf1 a5 16.Ne3 Rfb8
17.g4 Nc5 18.Nf5 Bf8 19.Kh2 b4 20.Bg5 Ne8 21.Rad1 Ba6 22.Bc1 b3 23.Bb1 bxa2
24.Bxa2 Nd3 25.Rg1 Ra7 26.Ne3 Rab7 27.Rd2 Nf6 28.Nf5 g6 29.Ng3 Nd7 30.Rc2 N7c5
31.Qe3 Nxc1 32.Qxc1 Nd3 33.Qd2 Rxb2 34.Ne1 Rxc2 35.Nxc2 Rb2 36.Bb1 Qb6 37.Qg5 Qxf2+
38.Rg2 Qf4 39.Qd8 Rxb1  0-1

[Event "TCh-AUT 2009-10"]
[Site "Jenbach AUT"]
[Date "2009.11.06"]
[Round "1"]
[White "Baldauf,Marc"]
[Black "Mikhalevski,V"]
[Result "1/2-1/2"]
[WhiteElo "2373"]
[BlackElo "2607"]

1.e4 e5 2.Nf3 Nc6 3.Bb5 a6 4.Ba4 Nf6 5.O-O Be7 6.Re1 b5 7.Bb3 d6 8.c3 O-O
9.h3 Nb8 10.d4 Nbd7 11.Nbd2 Bb7 12.Bc2 Re8 13.Nf1 Bf8 14.Ng3 g6 15.dxe5 dxe5
16.Nh2 c5 17.Ng4 Nxg4 18.Qxg4 c4 19.Rd1 Re6 20.b4 a5 21.a3 Qe8 22.Be3 Nb8
23.Qh4 Be7 24.Bg5 f6 25.Bh6 Rea6 26.Rac1 axb4 27.axb4 Bc8 28.Be3 Be6 29.Ne2 Nc6
30.f4 Ra2 31.Qf2 Rd8 32.Rxd8 Qxd8 33.Rd1 Qe8 34.Bb1 Rb2 35.Qe1 Bf7 36.Rd2 Rxd2
37.Qxd2 Qd8 38.Qxd8+ Bxd8 39.Kf2 Be7 40.g4 Be8 41.f5 g5 42.Bd2 Na7 43.Be3 Nc8
44.Bc2 Bd8 45.Ng3 Bb6 46.Nf1 h5 47.Ke2 h4 48.Bxb6 Nxb6 49.Ne3 Kf7 50.Nd1 Bc6
51.Nf2 Ke7 52.Kd2 Kd6 53.Ke2 Na4 54.Nd1 Nb6  1/2-1/2

[Event "TCh-AUT 2009-10"]
[Site "Jenbach AUT"]
[Date "2009.11.08"]
[Round "3"]
[White "Balogh,C"]
[Black "Mikhalevski,V"]
[Result "1/2-1/2"]
[WhiteElo "2613"]
[BlackElo "2607"]

1.e4 e5 2.Nf3 Nc6 3.Bb5 a6 4.Ba4 Nf6 5.O-O Be7 6.Re1 b5 7.Bb3 d6 8.c3 O-O
9.h3 Nb8 10.d4 Nbd7 11.Nbd2 Bb7 12.Bc2 Re8 13.Nf1 Bf8 14.Ng3 g6 15.Bg5 h6
16.Bd2 Bg7 17.a4 c5 18.d5 c4 19.b4 cxb3 20.Bxb3 Nc5 21.c4 Qd7 22.Ba5 Rec8
23.Bc2 bxc4 24.Nd2 Bxd5 25.exd5 Nb7 26.Bb6 Nxd5 27.a5 Nb4 28.Be4 d5 29.Rb1 Nd3
30.Bxd3 cxd3 31.Rb3 e4 32.Ndxe4 dxe4 33.Nxe4 d2 34.Qxd2 Qxd2 35.Nxd2 Bc3
36.Re7 Bxa5 37.Rxb7 Bxd2 38.Rf3 Rab8 39.Rfxf7 Rxb7 40.Rxb7 Bf4 41.g3 Rb8
42.Ra7 Rxb6 43.gxf4 Rf6 44.Kg2 Rxf4 45.Rxa6  1/2-1/2

[Event "TCh-FIN 2009-10"]
[Site "Finland FIN"]
[Date "2009.11.14"]
[Round "4"]
[White "Franssila,T"]
[Black "Salo,H"]
[Result "0-1"]
[WhiteElo "2265"]
[BlackElo "2277"]

1.e4 e5 2.Nf3 Nc6 3.Bb5 a6 4.Ba4 Nf6 5.O-O Be7 6.Re1 b5 7.Bb3 d6 8.c3 O-O
9.h3 Nb8 10.d4 Nbd7 11.Nbd2 Bb7 12.Bc2 Re8 13.Nf1 Bf8 14.Ng3 g6 15.a4 c6
16.Bg5 h6 17.Bd2 Qc7 18.Qc1 Kh7 19.b3 Bg7 20.Bd3 Rac8 21.Qa3 Bf8 22.Qa2 Kg8
23.b4 Nb6 24.a5 Nbd7 25.Be3 exd4 26.cxd4 c5 27.dxc5 dxc5 28.e5 Nd5 29.Bxc5 Bxc5
30.bxc5 Nb4 31.Qd2 Nxd3 32.Qxd3 Nxe5 33.Nxe5 Rxe5 34.Qd4 Rxc5 35.Qh4 h5 36.Re7 Rc1+
37.Rxc1 Qxc1+ 38.Kh2 Bd5 39.Ne2 Qc6 40.Nf4 Qd6 41.Qg5 b4 42.g3 Bf3 43.Re3 Qd1
44.g4 h4 45.Qxh4 Qh1+ 46.Kg3 Be4 47.f3 Rc2 48.Qd8+ Kh7 49.Rxe4 Qg1+ 50.Kh4 Qf2+
51.Kg5 Rc5+ 52.Kf6 Qh4+ 53.Kxf7 Qxd8 54.Re7 Rc7 55.Nxg6 Rxe7+ 56.Nxe7 Qxa5
57.g5 Qa2+ 58.Kf6 b3 59.g6+ Kh6 60.Nf5+ Kh5 61.g7 b2 62.Ng3+ Kh4 63.Ne4 b1=Q  0-1